Diarios de Adán y Eva /
Los diarios íntimos del primer hombre y la primera mujer nos ubican en el momento en que se conocen y comienzan a enamorarse, en un marco donde cada objeto espera ser descubierto y nombrado. Las anotaciones de ambos diarios son simples esbozos de la vida cotidiana: un inventario de sorpresas, de eno...
Guardado en:
| Autor Principal: | |
|---|---|
| Otros Autores: | |
| Formato: | Libro |
| Publicado: |
Buenos Aires :
Cántaro,
2010
|
| Series: | Colección del Mirador
|
| Materias: | |
| Etiquetas: |
Agregar Etiqueta
Sin Etiquetas, Sea el primero en etiquetar este registro!
|
| LEADER | 01711nam a22002895a 4500 | ||
|---|---|---|---|
| 001 | CEM.cems013447 | ||
| 008 | 130507s2010##################000#0#####d | ||
| 005 | 20251001154521.0 | ||
| 245 | 1 | 0 | |a Diarios de Adán y Eva / |c Mark Twain [seudónimo]. |
| 260 | |a Buenos Aires : |b Cántaro, |c 2010 | ||
| 300 | |a 87 p. | ||
| 490 | 0 | |a Colección del Mirador | |
| 520 | |a Los diarios íntimos del primer hombre y la primera mujer nos ubican en el momento en que se conocen y comienzan a enamorarse, en un marco donde cada objeto espera ser descubierto y nombrado. Las anotaciones de ambos diarios son simples esbozos de la vida cotidiana: un inventario de sorpresas, de enojos, de errores, de pasiones, escritos con la inocencia y la inexactitud que sólo alguien que por primera vez se enfrenta al mundo puede hacerlo. Plenos de ingenio y de sutil ironía, los diarios de Adán y Eva recrean el texto bíblico desde una perspectiva exclusivamente humana, y rescatan, a la vez, un hito trascendente e ignorado en el devenir de la especie: la primera historia de amor de la raza humana. | ||
| 020 | |a 9789507532597 | ||
| 100 | 1 | |a Twain, Mark | |
| 700 | 1 | |a Langhorne Clemens, Samuel | |
| 082 | 0 | 4 | |a 813.4 |
| 653 | |a Literatura | ||
| 653 | |a Literatura norteamericana | ||
| 653 | |a Literatura eeuu | ||
| 653 | |a Novelas | ||
| 653 | |a Novela norteamericana | ||
| 859 | |a CEMS |b BIB. CEMS - 11 de abril |h 813.4 |i T911-7 |p 26066.10 |t Ej.1 | ||
| 859 | |a CEMS |b BIB. CEMS - 11 de abril |h 813.4 |i T911-7 |p 26438.12 |t Ej.2 | ||
| 859 | |a CEMS |b BIB. CEMS - 11 de abril |h 813.4 |i T911-7 |p 26437.12 |t Ej.3 | ||
| 859 | |a CEMS |b BIB. CEMS - 11 de abril |h 813.4 |i T911-7 |p 27123.15 |t Ej.4 | ||
| 859 | |a CEMS |b BIB. CEMS - 11 de abril |h 813.4 |i T911-7 |p 30399.25 |t Ej.5 | ||
